Los teatros / (Record no. 149278)

MARC details
000 -LEADER
campo de control de longitud fija 00659nam a2200217 i 4500
001 - NÚMERO DE CONTROL
campo de control 149278
003 - IDENTIFICADOR DE NÚMERO DE CONTROL
campo de control ES-MaACL
005 - FECHA Y HORA DE LA ÚLTIMA TRANSACCIÓN
campo de control 20250911063556.0
007 - CAMPO FIJO DE DESCRIPCIÓN FÍSICA--INFORMACIÓN GENERAL
campo de control de longitud fija t|
008 - DATOS DE LONGITUD FIJA--INFORMACIÓN GENERAL
campo de control de longitud fija 071019s1948 sp |||| | spa d
080 ## - NÚMERO DE LA CLASIFICACIÓN DECIMAL UNIVERSAL
Número de la Clasificación Decimal Universal 792(460.27 M.)(09)
100 1# - ENTRADA PRINCIPAL--NOMBRE DE PERSONA
Nombre de persona Velasco Zazo, Antonio,
Fechas asociadas al nombre 1884-1969
9 (RLIN) 113782
245 14 - MENCIÓN DEL TÍTULO
Título Los teatros /
Mención de responsabilidad, etc. Antonio Velasco Zazo.
260 ## - PUBLICACIÓN, DISTRIBUCIÓN, ETC.
Lugar de publicación, distribución, etc. Madrid :
Nombre del editor, distribuidor, etc. Victoriano Suárez,
Fecha de publicación, distribución, etc. 1948 (
Fabricante Tall. Tip. "Af")
300 ## - DESCRIPCIÓN FÍSICA
Extensión 203 p. ;
Dimensiones 19 cm.
490 1# - MENCIÓN DE SERIE
Mención de serie Panorama de Madrid ;
Designación de volumen o secuencia [7]
650 07 - PUNTO DE ACCESO ADICIONAL DE MATERIA--TÉRMINO DE MATERIA
Término de materia o nombre geográfico como elemento de entrada Teatros-
Subdivisión geográfica Madrid
Fuente del encabezamiento o término
9 (RLIN) 161426
830 0# - PUNTO DE ACCESO ADICIONAL DE SERIE-TÍTULO UNIFORME
Título uniforme Panorama de Madrid ;
Designación de volumen o secuencia [7]
9 (RLIN) 187549
852 ## - LOCALIZACIÓN
Ubicación ES-MaACL
Número de control de estantería D-5747
Holdings
Estatus retirado Estado de pérdida Estado de daño No para préstamo Biblioteca de origen Biblioteca actual Ubicación en estantería Fecha de adquisición Fuente de adquisición Total de préstamos Signatura topográfica completa Código de barras Visto por última vez Precio de reemplazo Tipo de ítem Koha
        Biblioteca del Ateneo de Madrid Biblioteca del Ateneo de Madrid Sala Valle Inclán 17/01/2008     D-5747 901155774 23/02/2023 23/02/2023 Libro impreso